| 000 | 01115nam a22002897a 4500 | ||
|---|---|---|---|
| 001 | 9243 | ||
| 003 | FISKH | ||
| 005 | 20251204125214.0 | ||
| 008 | 251204b cb ||||| |||| 00| 0 eng d | ||
| 020 | _a9780545135351 | ||
| 040 |
_aFISKH _beng _cFISKH _dFISKH |
||
| 050 | _aE185 .A424 | ||
| 082 | _a323.092 | ||
| 100 | _aAdler, David A. | ||
| 245 |
_aHeroes for civil rights / _cby David A. Adler : illustrated by Bill Farnsworth |
||
| 250 | _aFirst Scholastic printing , January 2009 | ||
| 260 |
_aNew York : _bScholastic , _c2008. |
||
| 300 |
_a32 pages : _bcolor illustrations ; _c28 cm . |
||
| 505 | _aZ | ||
| 520 | _aWhether marching, speaking, or simply going to school, brave men and women fought to advance social justice so that others could enjoy their rights. Adler's moving profiles and Farnsworth's evocative paintings honors these Americans who risked their own lives for freedom. | ||
| 521 | 8 |
_a970
_bLexile IG |
|
| 521 | 8 |
_aZ
_bRaz-Plus |
|
| 650 |
_aFannie Lou Hamer _vNon-fiction |
||
| 700 |
_aFransworth , Bill _eIllustrator |
||
| 942 |
_2ddc _cBK _n0 |
||
| 999 |
_c9243 _d9243 |
||